[Event "IECG CP.2000.P.00087"]
[Site "IECG email"]
[Date "2000.10.01"]
[Round "?"]
[White "Choquet, Pascal"]
[Black "Tokmachev, Vladimir"]
[Result "0-1"]
[WhiteElo "1488"]
[BlackElo "1950"]
[PlyCount "94"]
[EventDate "2000.10.01"]
[EventType "tourn (corr)"]
[EventRounds "6"]
[EventCountry "FRA"]
[SourceTitle "Corr 2008"]
[Source "ChessBase"]
[SourceDate "2008.06.24"]
[SourceVersion "1"]
[SourceVersionDate "2008.06.24"]
[SourceQuality "1"]

1. e4 c5 2. Nf3 Nc6 3. d4 cxd4 4. Nxd4 g6 5. Nc3 Bg7 6. Be3 Nf6 7. Nxc6 bxc6 8. e5 Nd5 9. Nxd5 cxd5 10. Qxd5 Rb8 11. Bc4 0-0 12. f4 d6 13. Qd1 Rxb2 14. Bb3 dxe5 15. 0-0 exf4 16. Rxf4 Bf5 17. Qxd8 Rxd8 18. Raf1 Bh6 19. R4f3 Bxe3+ 20. Rxe3 e6 21. Re2 Kf8 22. Rff2 Rb1+ 23. Rf1 Rxf1+ 24. Kxf1 Ke7 25. Ke1 f6 26. c3 e5 27. Bc2 Be6 28. Re4 Rd7 29. Ra4 f5 30. Ra5 e4 31. Bb3 Rb7 32. Kd2 Bxb3 33. axb3 Rxb3 34. Rxa7+ Kf6 35. Kc2 Rb8 36. Rxh7 Rd8 37. Ra7 e3 38. Ra6+ Kg5 39. c4 Rd2+ 40. Kc3 Rxg2 41. c5 Rxh2 42. c6 Rh7 43. Kd3 f4 44. Ra1 Kf5 45. Ke2 Rh2+ 46. Kd3 Rd2+ 47. Kc3 Rd6 0-1